00544nam a2200181 i 4500003000900000005001700009007000300026008004100029040003000070082001800100100004200118245004300160264004400203300002600247336002700273337003400300338002800334DO-SdBNP20250617091214.0ta250617s1979 dr 000 0 spa d aDO-SdBNPbspacBNPHUerda axxxbG8872221 aGrullón, Ruddy,d1931-eautor4aut.10aSanchez :bmártir /cRuddy Grullón 1aSanto Domingo :bEditora Lozano,c1979. a15 páginas c21 cm. atextobtxt2rdacontent asin mediación bn2rdamedia avolumenbnc2rdacarrier